000 01229nam a2200193 i 4500
001 153858
003 ES-MaACL
005 20230906205417.0
008 981120m18891890sp |||| | spa d
040 _aCCPB | B
_bspa
_cCCPB | B
245 0 0 _aMemorias y estados formados por los Registradores de la Propiedad en cumplimiento de lo prevenido en el Real Decreto de 31 de Agosto de 1886 /
_cpublicados por la Dirección General de los Registros Civil y de la Propiedad y del Notariado.
260 _aMadrid :
_b[s.n.],
_c1889-1890 (
_fImprenta del Ministerio de Gracia y Justicia)
300 _a3 v. ;
_c29 cm.
505 8 _aContiene: Tomo I: Resúmenes correspondientes a los territorios de las Audiencias de Madrid, Albacete y Barcelona -- Tomo II: Resúmenes correspondientes á los territorios de las Audiencias de Burgos, Cáceres y Coruña -- Tomo III: Resúmenes correspondientes a los territorios de las Audiencias de Granada, Las Palmas, Oviedo, Palma y Pamplona
597 _aAntep.
650 4 _aPropiedad inmobiliaria-
_zEspaña.
_916487
710 2 _aEspaña.
_bDirección General de los Registros Civil y de la Propiedad y del Notariado.
_9159704
852 _aES-MaACL
_jC-12857-58
_z-- Enc. hol.
_z-- 4 t. en 2 v.
999 _c153858
_d153858